000 00490nam a2200181Ia 4500
003 GCL
008 140319s9999 xx 000 0 eng d
040 _aGCL /
_cGCL
082 0 4 _a428.1
_bO B
100 1 _aO'CONNOR, J. D.
245 1 0 _aBETTER ENGLISH PRONOUNCIATION /
_cO'CONNOR, J. D.
260 _a[S.N] :
_bCAMBRIBGE UNIVERSITY PRESS ،
_c1993
300 _a149 P
650 0 4 _aENGLISH LANGUAGE
650 0 4 _aTEXTBOOKS FOR FOREIGNERS
650 0 4 _aPRONUNCIATION
942 _2ddc
_cBK
999 _c18122
_d18122